[Event "Louviers op 12th"]
[Site "Louviers"]
[Date "2009.05.30"]
[Round "1"]
[White "Debray, Christopher"]
[Black "Dasilva, Antoine"]
[Result "1-0"]
[WhiteElo "2299"]
[BlackElo "1640"]
[PlyCount "29"]
[EventDate "2009.05.30"]
[EventType "swiss"]
[EventRounds "6"]
[EventCountry "FRA"]
[SourceTitle "EXT 2011"]
[Source "ChessBase"]
[SourceDate "2010.11.26"]
[SourceVersion "1"]
[SourceVersionDate "2010.11.26"]
[SourceQuality "1"]

1. Nf3 b6 2. e4 e6 3. d4 Bb7 4. Nc3 Bb4 5. Bd3 Bxc3+ 6. bxc3 c5 7. 0-0 Ne7 8. Re1 0-0 9. e5 Nbc6 10. Bxh7+ Kh8 11. Be4 Ng6 12. Ng5 Kg8 13. Qh5 Re8 14. Bxg6 Qxg5 15. Qh7+ 1-0